000 00349nam a2200145Ia 4500
008 221030s9999 xx 000 0 und d
041 _aEnglish
082 _a105.23
100 _a-
245 0 _aScheme Of Thrust Area Programme In Technical Education
_cby -
260 _bAICTE
_aNew Delhi
_c2000
300 _a27
650 _aGeneral
942 _cBK
999 _c7460
_d7460